Brazylijczycy w Realu Madryt - nagła śmierć - Statystyki

Ogólne statystyki
  • Ten quiz został rozwiązany 165 razy
  • Średni wynik to 8 z 12
Answers on the Grid
Answers color-coded by a green-red scale on the quiz's grid according to % correct below.
Dani Alves
Julio Baptista
Bebeto
Cafu
Roberto Carlos
Casemiro
Philippe Coutinho
Didi
Eder Militao
Luis Fabiano
Gabriel Jesus
Kaka
Marcelo
Gabriel Martinelli
Pele
Rivaldo
Robinho
Rodrygo
Romario
Ronaldinho
Ronaldo
Savio
Thiago Silva
Vinicius Junior
 
Statystyki odpowiedzi
Odpowiedź % Poprawnych
Casemiro
93%
Roberto Carlos
90%
Eder Militao
88%
Kaka
85%
Marcelo
84%
Ronaldo
84%
Vinicius Junior
82%
Rodrygo
81%
Robinho
66%
Julio Baptista
50%
Didi
21%
Savio
21%
Nie znaleziono quizów pasujących do podanych kryteriów
Rozkład punktacji
Procent ludzi z każdym wynikiem
Percentyl według liczby udzielonych odpowiedzi
Twoja historia wyników
Nie rozwiązałeś tego quizu